[Event "Asian Juniors"]
[Site "Shiraz IRI"]
[Date "2017.05.06"]
[EventDate "2017.05.03"]
[Round "5.1"]
[Result "1-0"]
[White "Masoud Mosadeghpour"]
[Black "Alireza Firouzja"]
[WhiteElo "2444"]
[BlackElo "2487"]
[PlyCount "99"]

1. e4 c5 2. Nc3 Nc6 3. Nf3 e6 4. d4 cxd4 5. Nxd4 Qc7 6. a3 a6
7. Be2 Nf6 8. Be3 d6 9. f4 Be7 10. g4 h6 11. Nb3 b5 12. Bf3
Bb7 13. O-O g5 14. f5 exf5 15. Nd5 Nxd5 16. exd5 Ne5 17. gxf5
Nxf3+ 18. Qxf3 Bf6 19. Rae1 Kd7 20. c3 Rae8 21. Nd2 g4 22. Qg2
Rxe3 23. Rxe3 Qc5 24. Re1 Bg5 25. Nf1 Re8 26. b4 Bxe3+
27. Rxe3 Qc4 28. Rxe8 Kxe8 29. Ne3 Qxc3 30. Qe4+ Kd8 31. Nxg4
h5 32. Ne3 Qe1+ 33. Kg2 Qe2+ 34. Kg3 Qe1+ 35. Kh3 Qc3 36. Kh4
Qf6+ 37. Kxh5 Qh8+ 38. Kg5 Qxh2 39. f6 Qg1+ 40. Kh6 Kc7
41. Ng2 Qd1 42. Qe7+ Kb6 43. Qxd6+ Ka7 44. Nf4 Qg4 45. Qe5 Qg8
46. d6 Qh8+ 47. Kg5 Qg8+ 48. Kh4 Qh8+ 49. Nh5 Qc8 50. Qd4+ 1-0

[Event "Asian Juniors"]
[Site "Shiraz IRI"]
[Date "2017.05.07"]
[EventDate "2017.05.03"]
[Round "6.2"]
[Result "1/2-1/2"]
[White "Alireza Firouzja"]
[Black "Mersad Khodashenas"]
[WhiteElo "2487"]
[BlackElo "2410"]
[PlyCount "103"]

1. e4 c5 2. Nf3 Nc6 3. Nc3 Nf6 4. Bb5 Nd4 5. e5 Nxb5 6. Nxb5
Nd5 7. O-O a6 8. Nc3 Nxc3 9. dxc3 d5 10. exd6 exd6 11. Ng5 h6
12. Qh5 g6 13. Qe2+ Be7 14. Ne4 Be6 15. b4 Qc7 16. bxc5 dxc5
17. Rd1 Rd8 18. Re1 Kd7 19. c4 Kc8 20. Bb2 Rhe8 21. Nf6 Bxf6
22. Bxf6 Rd7 23. Qe3 h5 24. a4 Qc6 25. Qf4 Rd6 26. Be5 Rdd8
27. Qg5 Bxc4 28. Bg3 Rxe1+ 29. Rxe1 Re8 30. Rb1 Ba2 31. Rc1 f6
32. Qh6 Qe4 33. f3 Qe3+ 34. Qxe3 Rxe3 35. c3 Bb3 36. a5 Kd7
37. Bf2 Re5 38. Rb1 c4 39. Bb6 Re2 40. Ra1 g5 41. h3 f5
42. Kf1 Rd2 43. Re1 Bc2 44. Re5 Bd3+ 45. Kg1 Kd6 46. Bd4 Ra2
47. g4 Ra1+ 48. Kf2 Ra2+ 49. Kg1 Ra1+ 50. Kf2 hxg4 51. hxg4
Ra2+ 52. Kg1 1/2-1/2

[Event "Abu Dhabi Masters"]
[Site "Abu Dhabi UAE"]
[Date "2017.08.14"]
[EventDate "2017.08.14"]
[Round "1.33"]
[Result "1/2-1/2"]
[White "Alireza Firouzja"]
[Black "Mobina Alinasab"]
[WhiteElo "2517"]
[BlackElo "2208"]
[PlyCount "157"]

1. d4 e6 2. Nf3 Nf6 3. Bf4 b6 4. e3 Bb7 5. Nbd2 Be7 6. Bd3 c5
7. dxc5 bxc5 8. e4 d6 9. O-O Nc6 10. c3 O-O 11. Nc4 d5
12. exd5 exd5 13. Ne3 g6 14. Bb5 Qb6 15. Ba4 Rfd8 16. Re1 Rd7
17. Bg5 Rad8 18. Bxc6 Bxc6 19. Nf5 gxf5 20. Rxe7 Rxe7 21. Bxf6
Ba4 22. Bxe7 Bxd1 23. Bxd8 Qxd8 24. Rxd1 Qb6 25. Rd2 Qe6
26. h3 Qe4 27. Kh2 Qf4+ 28. Kg1 Qc4 29. a3 d4 30. cxd4 cxd4
31. Rxd4 Qc1+ 32. Kh2 Qxb2 33. a4 Qxf2 34. Rf4 Qc2 35. Rd4
Qc7+ 36. Kg1 Qc1+ 37. Kh2 f4 38. Rd7 a6 39. Rd5 Qc6 40. Rg5+
Kf8 41. a5 f6 42. Rf5 Kg7 43. Rh5 Qd6 44. Rf5 h6 45. Kh1 Kg6
46. Nh4+ Kf7 47. Nf3 Qb4 48. Kh2 Qd6 49. Kh1 Qd1+ 50. Kh2 Qc2
51. Rd5 Qc6 52. Rf5 Qd6 53. Kh1 Qd1+ 54. Kh2 Qc2 55. Rh5 Kg6
56. Rd5 Qc6 57. Rd1 Qb5 58. Ra1 Qb4 59. Ra2 Kf7 60. Ra1 Ke7
61. h4 Kd6 62. Rd1+ Ke6 63. Re1+ Kd7 64. Rd1+ Ke7 65. Re1+ Kf7
66. Ra1 Qb3 67. Kh1 Qc3 68. Ra2 Ke6 69. Kh2 Kd5 70. Ra4 Qc7
71. Ra1 Qc2 72. Re1 Qc6 73. Rd1+ Ke4 74. Re1+ Kd5 75. Rd1+ Ke4
76. Re1+ Kd3 77. Rd1+ Ke3 78. Re1+ Kf2 79. Re2+ 1/2-1/2

[Event "Abu Dhabi Masters"]
[Site "Abu Dhabi UAE"]
[Date "2017.08.15"]
[EventDate "2017.08.14"]
[Round "2.32"]
[Result "1/2-1/2"]
[White "M Mahalakshmi"]
[Black "Alireza Firouzja"]
[WhiteElo "2140"]
[BlackElo "2517"]
[PlyCount "151"]

1. d4 Nf6 2. Bf4 e6 3. e3 c5 4. c3 Nc6 5. Nd2 d5 6. Ngf3 Bd6
7. Bg3 O-O 8. Bd3 b6 9. Ne5 Bb7 10. f4 Ne7 11. Qb1 g6 12. O-O
Nf5 13. Bf2 Be7 14. Qc2 Rc8 15. Rae1 Nd6 16. Bh4 Rc7 17. Qd1
Qc8 18. Qe2 Nfe4 19. Bxe7 Rxe7 20. Rc1 Rc7 21. a3 Nxd2
22. Qxd2 f6 23. Nf3 Ba6 24. Qe2 Bxd3 25. Qxd3 cxd4 26. exd4
Ne4 27. Nd2 f5 28. Nf3 Qb7 29. Nd2 b5 30. Nxe4 dxe4 31. Qe3
Qd5 32. Rf2 Rfc8 33. Rfc2 a5 34. Qe2 Qb3 35. Kf1 Kf7 36. Kg1
Kf6 37. h3 Qd5 38. Kh2 h6 39. Kh1 Ke7 40. Qe3 Rc6 41. Qg3 Kf7
42. Qh4 Rh8 43. Qg3 Kg7 44. Qh4 Rc7 45. Qg3 Rhc8 46. Qe3 Kf6
47. Qe2 Kg7 48. Qe3 Kh7 49. Kh2 Rc4 50. Kg1 Qd6 51. Kh1 R4c7
52. Qd2 Qd5 53. Kh2 Qc4 54. Qe2 Qxe2 55. Rxe2 g5 56. Rf1 Kg6
57. g4 Rd7 58. Ref2 Rd5 59. Rg2 Kf6 60. h4 gxh4 61. gxf5 Kxf5
62. Re2 b4 63. axb4 axb4 64. Rfe1 bxc3 65. bxc3 Rxc3 66. Rxe4
h5 67. Re5+ Kg4 68. Rxe6 Rxd4 69. f5 Kxf5 70. R6e5+ Kf4
71. Rxh5 Rd2+ 72. Kg1 Kg3 73. Rhe5 Rdd3 74. R5e2 Kg4 75. Rg2+
Kh5 76. Re5+ 1/2-1/2

[Event "Abu Dhabi Masters"]
[Site "Abu Dhabi UAE"]
[Date "2017.08.16"]
[EventDate "2017.08.14"]
[Round "3.25"]
[Result "1-0"]
[White "Alireza Firouzja"]
[Black "Anand Saurabh"]
[WhiteElo "2517"]
[BlackElo "2332"]
[PlyCount "100"]

1. e4 e5 2. Nf3 Nc6 3. Bb5 a6 4. Ba4 Nf6 5. O-O Be7 6. Re1 b5
7. Bb3 d6 8. c3 O-O 9. h3 Nb8 10. d4 Nbd7 11. Nbd2 Bb7 12. Bc2
Re8 13. a4 Bf8 14. Bd3 c6 15. b4 Nb6 16. axb5 cxb5 17. d5 Rc8
18. Bb2 g6 19. Qc2 Qc7 20. Ra3 Bh6 21. Bf1 Nfd7 22. Rea1 Rf8
23. Rxa6 Bxa6 24. Rxa6 Qb7 25. Bxb5 Nxd5 26. exd5 Qxb5
27. Rxd6 Rfd8 28. Qe4 Bxd2 29. Nxd2 Nc5 30. Rxd8+ Rxd8
31. bxc5 Qxb2 32. Qd3 Qa1+ 33. Kh2 Qe1 34. c6 Qxf2 35. c7 Ra8
36. Nf3 Qc5 37. d6 e4 38. Qd4 Qf5 39. Qe5 Qd7 40. Qd5 Rf8
41. Ne5 Qf5 42. Ng4 Qf4+ 43. g3 Qc1 44. d7 Qb2+ 45. Kh1 Qc1+
46. Kg2 Qb2+ 47. Nf2 e3 48. c8=Q Qxf2+ 49. Kh1 Qf1+ 50. Kh2 e2
1-0

[Event "Abu Dhabi Masters"]
[Site "Abu Dhabi UAE"]
[Date "2017.08.17"]
[EventDate "2017.08.14"]
[Round "4.20"]
[Result "0-1"]
[White "Morteza Mahjoob"]
[Black "Alireza Firouzja"]
[WhiteElo "2354"]
[BlackElo "2517"]
[PlyCount "74"]

1. e4 c5 2. c3 Nf6 3. e5 Nd5 4. Nf3 e6 5. d4 cxd4 6. cxd4 b6
7. Bc4 Ba6 8. b3 Qc8 9. Nbd2 Nc6 10. O-O Nc3 11. Qe1 b5
12. Bd3 Nb4 13. Be4 Bb7 14. Bxb7 Qxb7 15. Nc4 Ncd5 16. Na3 Nd3
17. Qd1 Nxc1 18. Qxc1 Rc8 19. Qb2 Bxa3 20. Qxa3 Nf4 21. Rfe1
b4 22. Qa5 Rc6 23. a4 Rb6 24. Re3 O-O 25. Rc1 Nd5 26. Ree1 Nc3
27. Qc5 Rc6 28. Qe7 Ne2+ 29. Rxe2 Rxc1+ 30. Re1 Rxe1+ 31. Nxe1
a5 32. Qc5 Qa6 33. h4 h6 34. Nf3 Qd3 35. Qxa5 Qxb3 36. Qb5 Qc3
37. Kh2 b3 0-1

[Event "Abu Dhabi Masters"]
[Site "Abu Dhabi UAE"]
[Date "2017.08.19"]
[EventDate "2017.08.14"]
[Round "5.12"]
[Result "1-0"]
[White "Alireza Firouzja"]
[Black "Alexandr Hilario Takeda dos Santos Fier"]
[WhiteElo "2517"]
[BlackElo "2579"]
[PlyCount "89"]

1. e4 e5 2. Nf3 Nc6 3. Bb5 a6 4. Ba4 d6 5. c3 Bd7 6. d4 g6
7. O-O Bg7 8. dxe5 Nxe5 9. Nxe5 dxe5 10. Bg5 f6 11. Be3 Ne7
12. c4 Nc6 13. Nc3 O-O 14. Qd5+ Rf7 15. c5 Qe8 16. Bb3 Nd8
17. Qd3 Be6 18. Nd5 f5 19. f3 f4 20. Bf2 g5 21. Rfd1 h5 22. a3
Nc6 23. Ba4 g4 24. Nb4 Bf6 25. Kh1 Rg7 26. Bb3 Kh7 27. Nd5 Bg5
28. Rg1 Qf7 29. Nxc7 Bxb3 30. Nxa8 g3 31. hxg3 Bc4 32. Qc3
fxg3 33. Bxg3 Nd4 34. Nb6 Ne2 35. Qxe5 Bf6 36. Qf5+ Rg6
37. Bh2 Be6 38. Qxh5+ Kg7 39. Nd5 Bxb2 40. Ra2 Rh6 41. Qxf7+
Kxf7 42. Rd1 Be5 43. f4 Nxf4 44. Rf2 Bxd5 45. Rxd5 1-0

[Event "Abu Dhabi Masters"]
[Site "Abu Dhabi UAE"]
[Date "2017.08.19"]
[EventDate "2017.08.14"]
[Round "6.5"]
[Result "0-1"]
[White "Sethuraman P Sethuraman"]
[Black "Alireza Firouzja"]
[WhiteElo "2618"]
[BlackElo "2517"]
[PlyCount "150"]

1. d4 Nf6 2. c4 g6 3. Nc3 Bg7 4. e4 d6 5. Be2 O-O 6. Nf3 e5
7. d5 a5 8. h3 Na6 9. Bg5 Qe8 10. Nd2 Nd7 11. a3 h6 12. Bh4
Bf6 13. Bg3 Bg7 14. b4 f5 15. c5 Nf6 16. Nc4 Qd8 17. Nxa5 Nxc5
18. exf5 Nce4 19. Nxe4 Nxe4 20. O-O gxf5 21. Rc1 b6 22. Nc6
Qg5 23. Qd3 Ba6 24. b5 Bb7 25. f4 exf4 26. Bxf4 Qh4 27. Rc4
Bxc6 28. dxc6 Qe7 29. Bf3 Nc5 30. Bd5+ Kh8 31. Qd2 Rxa3
32. Bxh6 Rd3 33. Bg5 Bf6 34. Rh4+ Kg7 35. Bh6+ Kg6 36. Bxf8
Qxf8 37. Rg4+ fxg4 38. Be4+ Nxe4 39. Qxd3 d5 40. Qxd5 Qc5+
41. Qxc5 Nxc5 42. hxg4 Ne4 43. Rd1 Nc3 44. Rd7 Be5 45. Kf2
Nxb5 46. Rd5 Bd4+ 47. Kf3 Bc5 48. Rd7 Bd6 49. Ke4 Kf6 50. Rd8
Be7 51. Rh8 Nd6+ 52. Kd5 Nf7 53. Rh5 Bd6 54. Rf5+ Kg6 55. Ke6
Ng5+ 56. Kd5 Bg3 57. Rf8 Nh7 58. Rf3 Bd6 59. Rb3 Kf7 60. Rf3+
Nf6+ 61. Kc4 Kg6 62. Rd3 Be5 63. Rd8 Nxg4 64. Kb5 Kf7 65. Rb8
Ne3 66. Rd8 Nxg2 67. Kc4 Nf4 68. Rd1 Ke6 69. Rd8 Ng6 70. Kb5
Ne7 71. Rd2 Nf5 72. Ka6 Nd4 73. Kb7 Kd5 74. Rb2 b5 75. Rb1 Bd6
0-1

[Event "Abu Dhabi Masters"]
[Site "Abu Dhabi UAE"]
[Date "2017.08.20"]
[EventDate "2017.08.14"]
[Round "7.2"]
[Result "0-1"]
[White "Alireza Firouzja"]
[Black "A R Saleh Salem"]
[WhiteElo "2517"]
[BlackElo "2624"]
[PlyCount "100"]

1. e4 c6 2. d4 d5 3. exd5 cxd5 4. Bd3 Nc6 5. c3 Qc7 6. Na3 a6
7. Nc2 Nf6 8. h3 e5 9. dxe5 Nxe5 10. Nf3 Bd6 11. O-O O-O
12. Nxe5 Bxe5 13. Be3 Re8 14. a4 Bd7 15. a5 Rac8 16. Qf3 Qd6
17. Rfd1 h5 18. Bf5 Bxf5 19. Qxf5 Qe6 20. Qf3 Bc7 21. Rd4 g6
22. Rb4 Ne4 23. Rxb7 Qd6 24. Rxc7 Qxc7 25. Nb4 Qc4 26. Bd4 Rb8
27. Qe3 Nxc3 28. Qxc3 Rxb4 29. Rd1 Qxc3 30. bxc3 Rb5 31. Bb6
f6 32. h4 Kf7 33. g3 Re4 34. Kg2 Ke6 35. Rd3 g5 36. hxg5 fxg5
37. Rd1 Rb3 38. Bd4 Rb5 39. Bb6 Kf5 40. Rh1 Kg6 41. Rd1 g4
42. Ra1 Re2 43. Bd4 Rbb2 44. Bb6 Rbc2 45. Bd4 Ra2 46. Rb1 Rxa5
47. Rb6+ Kf7 48. Rf6+ Ke8 49. Rf5 Ra1 50. c4 Rd1 0-1

[Event "Abu Dhabi Masters"]
[Site "Abu Dhabi UAE"]
[Date "2017.08.21"]
[EventDate "2017.08.14"]
[Round "8.4"]
[Result "1/2-1/2"]
[White "Zahar Efimenko"]
[Black "Alireza Firouzja"]
[WhiteElo "2636"]
[BlackElo "2517"]
[PlyCount "113"]

1. e4 c5 2. Nf3 e6 3. d4 cxd4 4. Nxd4 Nc6 5. Nc3 Qc7 6. g3 a6
7. Bg2 Nf6 8. O-O h5 9. Nf3 d6 10. a4 Ne5 11. Bg5 Bd7 12. Qd4
Rc8 13. Rad1 Be7 14. Rfe1 Qc5 15. Qxc5 Rxc5 16. Be3 Rc8
17. Bd4 Nxf3+ 18. Bxf3 Bc6 19. Rd3 h4 20. e5 dxe5 21. Bxe5
Bxf3 22. Rxf3 hxg3 23. hxg3 Rh5 24. Rd3 Bc5 25. Bxf6 gxf6
26. Ne4 Be7 27. c3 Re5 28. Kf1 Rc4 29. Nd6+ Bxd6 30. Rxd6
Rxe1+ 31. Kxe1 Rxa4 32. Rb6 a5 33. Rxb7 Ra1+ 34. Kd2 Rf1
35. Ke3 a4 36. Ra7 Rb1 37. Rxa4 Rxb2 38. Ra8+ Ke7 39. Ra7+ Ke8
40. g4 Rc2 41. Rc7 Kd8 42. Rxf7 Rxc3+ 43. Kf4 Rc4+ 44. Kg3 f5
45. gxf5 exf5 46. Rxf5 Ke7 47. Rf4 Rc5 48. Kg4 Ke6 49. f3 Ra5
50. Rf8 Rb5 51. f4 Ke7 52. Rh8 Kf7 53. Rh6 Ra5 54. Rd6 Rc5
55. f5 Rc1 56. Kf4 Rf1+ 57. Ke5 1/2-1/2

[Event "Abu Dhabi Masters"]
[Site "Abu Dhabi UAE"]
[Date "2017.08.22"]
[EventDate "2017.08.14"]
[Round "9.5"]
[Result "1/2-1/2"]
[White "Alireza Firouzja"]
[Black "Ahmed Adly"]
[WhiteElo "2517"]
[BlackElo "2619"]
[PlyCount "100"]

1. e4 c5 2. Nf3 d6 3. d4 cxd4 4. Nxd4 Nf6 5. Nc3 a6 6. Be3 e5
7. Nf3 Qc7 8. a4 Be7 9. Be2 O-O 10. O-O Be6 11. a5 Nbd7
12. Ng5 Bc4 13. Bxc4 Qxc4 14. Re1 Rac8 15. Nf3 Qe6 16. Bg5 h6
17. Bh4 Rfe8 18. h3 Rc5 19. Nd2 Rec8 20. Nb3 Rc4 21. Bxf6 Nxf6
22. Qd3 Nh5 23. Qf3 Nf4 24. Nc1 Bd8 25. Nb3 h5 26. Rad1 g5
27. Rd2 Kg7 28. Qd1 Be7 29. Re3 Qg6 30. Nc1 R8c5 31. N1e2 d5
32. Nxd5 Nxd5 33. Rxd5 Rxc2 34. Rxc5 Rxc5 35. Ng3 Kh7 36. Rb3
g4 37. Rxb7 h4 38. Rxe7 hxg3 39. fxg3 gxh3 40. Qd7 Kg7
41. Qxh3 Qxe4 42. Re8 Qb1+ 43. Kh2 Qh7 44. Qxh7+ Kxh7 45. b4
Rb5 46. Ra8 Rxb4 47. Rxa6 Ra4 48. Ra8 Ra1 49. g4 Kg6 50. a6
Ra3 1/2-1/2

[Event "16th TCh-IRI SL R6-11"]
[Site "Tabriz IRI"]
[Date "2017.10.17"]
[EventDate "2017.10.16"]
[Round "7.3"]
[Result "0-1"]
[White "H Ettehadi"]
[Black "Alireza Firouzja"]
[WhiteElo "2188"]
[BlackElo "2525"]
[PlyCount "68"]

1. f4 b6 2. Nf3 Bb7 3. e3 g6 4. Be2 Bg7 5. O-O Nf6 6. d3 d5
7. Qe1 c5 8. Ne5 Nfd7 9. Nxd7 Qxd7 10. Bf3 Nc6 11. Nc3 d4
12. Nd1 f5 13. e4 Nb4 14. Qd2 fxe4 15. dxe4 O-O 16. a3 Nc6
17. Qe2 e5 18. Bg4 d3 19. Qf3 Qd4+ 20. Be3 Qd6 21. cxd3 exf4
22. Bxf4 Bd4+ 23. Kh1 Be5 24. g3 g5 25. Ne3 gxf4 26. Nf5 Qc7
27. gxf4 Bxb2 28. Ra2 Bf6 29. Rg2 Kh8 30. Qh3 Nd4 31. Nh6 Bg7
32. Nf5 Nxf5 33. Bxf5 Bd4 34. Rg5 Bc8 0-1

[Event "16th TCh-IRI SL R6-11"]
[Site "Tabriz IRI"]
[Date "2017.10.18"]
[EventDate "2017.10.16"]
[Round "8.5"]
[Result "1/2-1/2"]
[White "Alireza Firouzja"]
[Black "Mohammadamin Molaei"]
[WhiteElo "2525"]
[BlackElo "2326"]
[PlyCount "160"]

1. e4 c5 2. Nf3 g6 3. d4 cxd4 4. Nxd4 Nc6 5. c4 Nf6 6. Nc3 d6
7. Be2 Nxd4 8. Qxd4 Bg7 9. Be3 O-O 10. Qd2 Qa5 11. O-O Be6
12. b3 Rfc8 13. Rfc1 a6 14. Rab1 Qd8 15. f3 h5 16. Bf1 Kh7
17. h3 Rc6 18. Ne2 Qf8 19. Nd4 Rc7 20. Bd3 Bd7 21. f4 e5
22. Nf3 Re8 23. Rf1 Kg8 24. Rbe1 Bc6 25. Ng5 exf4 26. Bxf4 Nd7
27. Nxf7 Qxf7 28. Bxd6 Bd4+ 29. Kh2 Qg7 30. Bxc7 Bc3 31. Qg5
Ne5 32. Bxe5 Rxe5 33. Qe3 Bxe1 34. Rxe1 Qe7 35. Qd4 Qg5
36. Qd6 h4 37. Kh1 Rf5 38. Be2 Rf2 39. Bg4 Kh7 40. a3 Kh6
41. b4 Qd2 42. Qxd2+ Rxd2 43. Bf3 Ra2 44. Re3 Kg5 45. e5 Kf4
46. Rc3 Bxf3 47. Rxf3+ Kxe5 48. c5 g5 49. Kh2 Ke6 50. Rd3 Ra1
51. Rd6+ Kf5 52. Rb6 Rxa3 53. Rxb7 Rc3 54. Rf7+ Ke5 55. Re7+
Kf5 56. Kg1 a5 57. bxa5 Rxc5 58. a6 Ra5 59. a7 Ra2 60. Rf7+
Kg6 61. Rb7 Kf5 62. Re7 Kf6 63. Rb7 Kf5 64. Kf1 Kf4 65. Rg7
Ke3 66. Re7+ Kf4 67. Kg1 Ra1+ 68. Kh2 Ra2 69. Rf7+ Ke5 70. Kg1
Ke6 71. Rb7 Kf5 72. Rc7 Ke5 73. Kf1 Kf4 74. Rf7+ Ke3 75. Kg1
Ke4 76. Kh2 Ke5 77. Rb7 Kf4 78. Rg7 Kf5 79. Kg1 Kf6 80. Rb7
Ke5 1/2-1/2

[Event "16th TCh-IRI SL R6-11"]
[Site "Tabriz IRI"]
[Date "2017.10.19"]
[EventDate "2017.10.16"]
[Round "9.2"]
[Result "1/2-1/2"]
[White "Arya Omidi"]
[Black "Alireza Firouzja"]
[WhiteElo "2380"]
[BlackElo "2525"]
[PlyCount "131"]

1. e4 c5 2. Nf3 Nc6 3. d4 cxd4 4. Nxd4 Nf6 5. Nc3 d6 6. Bg5 e6
7. Qd2 a6 8. O-O-O Bd7 9. f4 b5 10. Bxf6 gxf6 11. Kb1 Qb6
12. Nxc6 Bxc6 13. f5 h5 14. Bd3 b4 15. Ne2 Bh6 16. Qe1 e5
17. Bc4 Ke7 18. Nc1 Rhc8 19. Qh4 Ba4 20. Bd3 Qc6 21. Nb3 Bb5
22. Qxh5 Bxd3 23. cxd3 Qc2+ 24. Ka1 Rh8 25. Qf3 a5 26. Rc1
Bxc1 27. Rxc1 Qxc1+ 28. Nxc1 Rxh2 29. Kb1 Rh1 30. g4 Rah8
31. g5 Re1 32. Qf2 Rhh1 33. Qa7+ Kf8 34. Qb8+ Kg7 35. gxf6+
Kxf6 36. Qxd6+ Kg5 37. Kc2 Rxc1+ 38. Kb3 f6 39. Qe7 Rcd1
40. Qg7+ Kf4 41. Qxf6 Rxd3+ 42. Ka4 Rh7 43. Qg6 Rdd7 44. f6
Ke3 45. Kxa5 Rb7 46. Ka4 Kd4 47. Kb3 Rh3+ 48. Ka4 Rhh7 49. Qf5
Rhf7 50. Kb3 Rh7 51. Qf3 Rhc7 52. Qe2 Rf7 53. Qf3 Rfc7 54. Qf5
Rh7 55. Qf3 Rhc7 56. Ka4 b3 57. a3 Rb8 58. Qf2+ Kxe4 59. f7
Rcc8 60. Qe2+ Kf5 61. Qf3+ Ke6 62. Qg4+ Kd5 63. Qd1+ Ke6
64. Qg4+ Kd6 65. Qg6+ Kc5 66. Qe4 1/2-1/2

[Event "16th TCh-IRI SL R6-11"]
[Site "Tabriz IRI"]
[Date "2017.10.20"]
[EventDate "2017.10.16"]
[Round "11.1"]
[Result "1/2-1/2"]
[White "Arash Tahbaz"]
[Black "Alireza Firouzja"]
[WhiteElo "2398"]
[BlackElo "2525"]
[PlyCount "65"]

1. c4 g6 2. Nc3 Bg7 3. d4 Nf6 4. e4 d6 5. Be2 O-O 6. Be3 c5
7. dxc5 Qa5 8. f3 Rd8 9. Qa4 Qxa4 10. Nxa4 Bd7 11. Nc3 dxc5
12. e5 Ne8 13. f4 b6 14. O-O-O Nc6 15. Bf3 Rac8 16. Nge2 Bh6
17. Bxc6 Bxc6 18. Nd5 Kf8 19. Rhg1 f6 20. Nec3 Bg7 21. g3 e6
22. exf6 Nxf6 23. Nxf6 Bxf6 24. Rxd8+ Bxd8 25. Nb5 Ra8 26. Rd1
a6 27. Nc3 Be7 28. Re1 Kf7 29. Kc2 Bf6 30. Bd2 Rd8 31. b3 h6
32. Ne4 Be7 33. Nf2 1/2-1/2

[Event "2nd Paytakht Cup"]
[Site "Tehran IRI"]
[Date "2017.10.24"]
[EventDate "2017.10.24"]
[Round "1.7"]
[Result "1-0"]
[White "Alireza Firouzja"]
[Black "Hossein Ganjali"]
[WhiteElo "2525"]
[BlackElo "2204"]
[PlyCount "95"]

1. Nf3 d5 2. e3 Nf6 3. c4 e6 4. b3 b6 5. Nc3 Bb7 6. Bb2 Nbd7
7. d4 a6 8. Bd3 Bd6 9. O-O Qe7 10. Qc2 dxc4 11. bxc4 c5
12. Ne4 Rc8 13. Nxf6+ Nxf6 14. e4 Nd7 15. d5 e5 16. Qe2 Rd8
17. g3 Bc8 18. Nh4 Nf6 19. f4 Bh3 20. Rfe1 Bg4 21. Qg2 g6
22. h3 Bc8 23. fxe5 Bxe5 24. Bxe5 Qxe5 25. Nf3 Qc3 26. Rad1
O-O 27. e5 Nh5 28. Kh2 Ng7 29. Qd2 Qxd2+ 30. Nxd2 Bf5 31. Be2
Rfe8 32. g4 Rxe5 33. Nf3 Re3 34. gxf5 Rde8 35. Kg1 Nxf5
36. Kf2 Ra3 37. d6 Rxa2 38. d7 Rd8 39. Kg1 Kf8 40. Ne5 Nd4
41. Bg4 f5 42. Bf3 Ra3 43. Bb7 Kg7 44. Bc8 Rxh3 45. Bxa6 f4
46. Bb7 Kf6 47. Ra1 Nc2 48. Ra8 1-0

[Event "2nd Paytakht Cup"]
[Site "Tehran IRI"]
[Date "2017.10.25"]
[EventDate "2017.10.24"]
[Round "2.7"]
[Result "1/2-1/2"]
[White "Nima Fendereski"]
[Black "Alireza Firouzja"]
[WhiteElo "2294"]
[BlackElo "2525"]
[PlyCount "93"]

1. e4 c5 2. Nf3 d6 3. Bb5+ Nd7 4. O-O a6 5. Bd3 Ngf6 6. c3 b5
7. Bc2 Bb7 8. Qe2 g6 9. d4 cxd4 10. cxd4 Bg7 11. a3 O-O
12. Nc3 Rc8 13. Bd3 Nb6 14. Bg5 h6 15. Bc1 Nfd7 16. Rd1 e6
17. h4 Qe7 18. a4 b4 19. Nb1 a5 20. Nbd2 Nf6 21. Nf1 Bc6
22. b3 Ba8 23. Bb2 Nh5 24. Bc1 e5 25. dxe5 dxe5 26. Be3 Nf4
27. Bxf4 exf4 28. Rac1 Rc3 29. h5 g5 30. Rxc3 bxc3 31. Bc2 Nd5
32. Nd4 Bxd4 33. Rxd4 Nb4 34. Qd1 Qe5 35. Rc4 Qf6 36. Qe2 Re8
37. Nh2 Bd5 38. Rc5 Bb7 39. Ng4 Qe6 40. Re5 Qxe5 41. Nxe5 Rxe5
42. Qc4 Re6 43. Qxc3 Rc6 44. Qe5 Nxc2 45. Qxa5 Re6 46. b4 Bxe4
47. f3 1/2-1/2

[Event "2nd Paytakht Cup"]
[Site "Tehran IRI"]
[Date "2017.10.26"]
[EventDate "2017.10.24"]
[Round "3.7"]
[Result "1-0"]
[White "Alireza Firouzja"]
[Black "Ali Valizadeh"]
[WhiteElo "2525"]
[BlackElo "2306"]
[PlyCount "85"]

1. e4 c5 2. Nf3 d6 3. d4 cxd4 4. Nxd4 Nf6 5. Nc3 a6 6. Bg5 e6
7. f4 Be7 8. Qf3 Nbd7 9. O-O-O Qc7 10. g4 b5 11. Bxf6 Nxf6
12. Bg2 Bb7 13. g5 Nd7 14. a3 Rc8 15. h4 Qa5 16. h5 b4
17. axb4 Qxb4 18. Bh3 Nc5 19. g6 Bf6 20. Qe3 Rb8 21. gxf7+
Kxf7 22. e5 dxe5 23. fxe5 Bxh1 24. exf6 Qxb2+ 25. Kd2 Rhe8
26. Rxh1 e5 27. Nf3 Rbd8+ 28. Ke1 Nd3+ 29. cxd3 Qxc3+ 30. Ke2
Qc2+ 31. Nd2 gxf6 32. Bf5 Rg8 33. Rh2 Rd4 34. Bxh7 Rg5 35. Be4
Rg4 36. h6 Kg8 37. Bf5 Rg5 38. Qf3 Qc7 39. Rg2 Rh4 40. h7+
Rxh7 41. Bxh7+ Kxh7 42. Rxg5 fxg5 43. Qh5+ 1-0

[Event "2nd Paytakht Cup"]
[Site "Tehran IRI"]
[Date "2017.10.27"]
[EventDate "2017.10.24"]
[Round "4.4"]
[Result "1-0"]
[White "Toms Kantans"]
[Black "Alireza Firouzja"]
[WhiteElo "2524"]
[BlackElo "2525"]
[PlyCount "131"]

1. e4 c5 2. Nf3 d6 3. d4 cxd4 4. Nxd4 Nf6 5. Nc3 a6 6. Bg5
Nbd7 7. f4 Qc7 8. Qe2 e5 9. O-O-O h6 10. fxe5 dxe5 11. Bxf6
Nxf6 12. Nf5 Bd7 13. g4 O-O-O 14. Bg2 Kb8 15. Kb1 Bc5 16. h3
Qb6 17. Nd5 Nxd5 18. exd5 f6 19. c3 g6 20. Nh4 f5 21. gxf5 Qf6
22. Nf3 e4 23. Nd4 gxf5 24. Rhf1 Qe5 25. Nb3 Bb6 26. c4 Rc8
27. Rc1 Ba4 28. Qh5 Rhf8 29. Qxh6 Bxb3 30. axb3 Bd4 31. Rc2 f4
32. Re2 e3 33. Qe6 Qxe6 34. dxe6 Rce8 35. Bd5 Kc7 36. Kc2 Kd6
37. Kd3 Be5 38. Ke4 b6 39. b4 Rxe6 40. c5+ Ke7 41. Bxe6 Kxe6
42. Rc2 Rd8 43. c6 Rd4+ 44. Kf3 Bc7 45. Rg1 Rd8 46. Rg7 Kd6
47. Kxf4 e2 48. Rxe2 Kxc6+ 49. Ke4 Bd6 50. Rg6 Kb5 51. Rg5+
Kc4 52. Rc2+ Kxb4 53. h4 Be7 54. Rg4 Rh8 55. Kd3+ Kb5 56. Rh2
Rh5 57. Re4 Bf6 58. Ke3 Be5 59. Rh1 Kc5 60. b3 Kd5 61. Rd1+
Ke6 62. Kf3 Kf5 63. Rd8 Bf6 64. Rd5+ Kg6 65. Rg4+ Kh6 66. Rd6
1-0

[Event "2nd Paytakht Cup"]
[Site "Tehran IRI"]
[Date "2017.10.27"]
[EventDate "2017.10.24"]
[Round "5.7"]
[Result "1/2-1/2"]
[White "Alireza Firouzja"]
[Black "Rouzbeh Rostami"]
[WhiteElo "2525"]
[BlackElo "2147"]
[PlyCount "98"]

1. Nf3 Nf6 2. g3 g6 3. b3 Bg7 4. Bb2 O-O 5. Bg2 d6 6. d4 Nc6
7. O-O e5 8. dxe5 Nd7 9. Qc1 Ndxe5 10. Nxe5 Nxe5 11. c4 Bg4
12. Nc3 Rb8 13. h3 Be6 14. Rd1 Nd7 15. e4 a6 16. f4 b5
17. cxb5 axb5 18. g4 b4 19. Ne2 Bxb2 20. Qxb2 Nc5 21. f5 Bd7
22. Nf4 Bc6 23. Rac1 Qg5 24. Nd3 Bxe4 25. Nxc5 dxc5 26. Bxe4
Qe3+ 27. Qf2 Qxe4 28. Rxc5 Rfe8 29. fxg6 hxg6 30. Rxc7 Re7
31. Rc4 Qe5 32. Rf1 Rbe8 33. Rxb4 Qc3 34. Rc4 Qxh3 35. Qf3 Qh4
36. Rc2 Kg7 37. Rcf2 f5 38. gxf5 Re3 39. Qb7+ Kh8 40. Rh2 Rg3+
41. Kh1 Rh3 42. Qg2 Ree3 43. Qa8+ Kg7 44. f6+ Kh7 45. Qb7+ Kh6
46. Qg7+ Kg5 47. Rg1+ Reg3 48. Rxg3+ Qxg3 49. Rxh3 Qe1+
1/2-1/2

[Event "2nd Paytakht Cup"]
[Site "Tehran IRI"]
[Date "2017.10.28"]
[EventDate "2017.10.24"]
[Round "6.6"]
[Result "1/2-1/2"]
[White "Alireza Firouzja"]
[Black "Giorgi Sibashvili"]
[WhiteElo "2525"]
[BlackElo "2412"]
[PlyCount "161"]

1. d4 Nf6 2. Nf3 d5 3. c4 e6 4. Nc3 dxc4 5. e4 Bb4 6. Bg5 c5
7. Bxc4 cxd4 8. Nxd4 Bxc3+ 9. bxc3 Qa5 10. Bb5+ Nbd7 11. Bxf6
Qxc3+ 12. Kf1 gxf6 13. h4 a6 14. Rc1 Qb4 15. Be2 Qd6 16. Rh3
Ne5 17. Qd2 Bd7 18. Qb2 Rd8 19. Rd1 Ba4 20. Rd2 Nc6 21. Rhd3
Qh2 22. Nf3 Qh1+ 23. Ng1 Rxd3 24. Bxd3 Qxh4 25. Qxb7 O-O
26. Qxa6 Qh6 27. Ke1 Qh1 28. Kf1 Qh6 29. Re2 Nb4 30. Qxa4 Nxd3
31. Qc2 Ne5 32. Nh3 Rb8 33. Re3 Qf8 34. Nf4 Rc8 35. Rc3 Rxc3
36. Qxc3 Qd6 37. Kg1 Kf8 38. g3 Ke7 39. Kg2 Nd7 40. Nd3 Qa6
41. Nb4 Qb7 42. f3 Qb5 43. Nc6+ Kd6 44. Nd4 Qa4 45. a3 Nb6
46. Nc2 Qb5 47. Qd2+ Ke7 48. Nd4 Qc4 49. Nc2 Kf8 50. Ne3 Qc6
51. Ng4 Nd7 52. Kh3 Ke8 53. Kg2 h5 54. Nf2 Ne5 55. Nd1 Qa6
56. Qc3 Qe2+ 57. Nf2 Nc4 58. Kg1 e5 59. Qd3 Qxd3 60. Nxd3 Nxa3
61. Kg2 Kf8 62. Kh3 Kg7 63. Kh4 Kg6 64. g4 hxg4 65. Kxg4 Nc4
66. f4 Kg7 67. Kf3 Kf8 68. Nb4 Nd6 69. Nd5 Kg7 70. Ne7 Kh6
71. Ng8+ Kg6 72. Ne7+ Kg7 73. Nd5 Nc4 74. Ke2 Nd6 75. Kf3 Nb5
76. Kf2 Nd4 77. Ke3 Ne6 78. Kf3 Nd4+ 79. Ke3 Kg6 80. Ne7+ Kh5
81. Nd5 1/2-1/2

[Event "2nd Paytakht Cup"]
[Site "Tehran IRI"]
[Date "2017.10.29"]
[EventDate "2017.10.24"]
[Round "7.9"]
[Result "0-1"]
[White "S Jafar Khamisi"]
[Black "Alireza Firouzja"]
[WhiteElo "2214"]
[BlackElo "2525"]
[PlyCount "68"]

1. e4 c5 2. Nf3 Nc6 3. Bb5 g6 4. Bxc6 dxc6 5. d3 Bg7 6. Nc3
Nf6 7. Be3 b6 8. Qd2 Ng4 9. Bf4 e5 10. Bg3 f6 11. h3 Nh6
12. O-O-O Nf7 13. Kb1 Bh6 14. Qe2 b5 15. Nh2 Qa5 16. Qe1 Be6
17. b3 Qa3 18. Ka1 O-O 19. f3 c4 20. Nb1 Qe7 21. dxc4 bxc4
22. Bf2 f5 23. Nf1 a5 24. Ne3 cxb3 25. cxb3 fxe4 26. fxe4 Rfb8
27. Nc2 c5 28. Nc3 c4 29. bxc4 Bxc4 30. Be3 Bf8 31. Nd5 Bxd5
32. Rxd5 Qc7 33. Qd2 Qb7 34. Qc3 Rc8 0-1